Normal view
MARC view
- Supervison DR. SYED M. TAHIR ZAIDI
Entry Personal Name
001 - CONTROL NUMBER
- control field: 70196
003 - CONTROL NUMBER IDENTIFIER
- control field: NUST
005 - DATE AND TIME OF LATEST TRANSACTION
- control field: 20210628204410.0
008 - FIXED-LENGTH DATA ELEMENTS
- fixed length control field: 210628|| aca||aabn | a|a d
040 ## - CATALOGING SOURCE
- Original cataloging agency: NUST
- Transcribing agency: NUST
100 ## - HEADING--PERSONAL NAME
- Personal name: Supervison DR. SYED M. TAHIR ZAIDI
670 ## - SOURCE DATA FOUND
- Source citation: Work cat.: (NUST): NAYAB ASIF 70195, TH-SOF-1105-Removal of ECG Artifact from EEG, 2015
